TEXT BOOK OF CLINICAL EMBRYOLOGY (Record no. 16876)

MARC details
000 -LEADER
fixed length control field 00348nam a22001577a 4500
003 - CONTROL NUMBER IDENTIFIER
control field SGT
020 ## - INTERNATIONAL STANDARD BOOK NUMBER
International Standard Book Number 978-81-312-4882-9
082 ## - DEWEY DECIMAL CLASSIFICATION NUMBER
Classification number 612.64
Item number C18S
100 ## - MAIN ENTRY--PERSONAL NAME
Personal name SINGH,VISHRAM
245 ## - TITLE STATEMENT
Title TEXT BOOK OF CLINICAL EMBRYOLOGY
250 ## - EDITION STATEMENT
Edition statement 2ND
260 ## - PUBLICATION, DISTRIBUTION, ETC. (IMPRINT)
Place of publication, distribution, etc NEW DELHI
Name of publisher, distributor, etc ELSEVIER
Year of Publication 2018
300 ## - PAGE DESCRIPTION
No. of Pages 365
650 ## - SUBJECT ADDED ENTRY--TOPICAL TERM
Topical term or geographic name as entry element AYURVEDA
942 ## - ADDED ENTRY ELEMENTS (KOHA)
Source of classification or shelving scheme Dewey Decimal Classification
Koha item type Books
942 ## - ADDED ENTRY ELEMENTS (KOHA)
-- 10
Holdings
Withdrawn status Lost status Source of classification or shelving scheme Damaged status Use restrictions Not for loan Collection code Home library Current library Shelving location Date acquired Vendor Name Cost, normal purchase price SGTU Bill Number Full call number Accession No. (Barcode) Date last seen Bill Date Koha item type Total Checkouts Date last borrowed
    Dewey Decimal Classification   Restricted Access   AYURVEDA SGT FA-FP Library SGT FA-FP Library Reference Book 14/02/2019 AHUJA PUB 825.00 SGTU 10602 612.64 C18S FA9882 14/02/2019 31/01/2019 Books    
    Dewey Decimal Classification       AYURVEDA SGT FA-FP Library SGT FA-FP Library Text Book 14/02/2019 AHUJA PUB 825.00 SGTU 10602 612.64 C18S FA9883 10/07/2023 31/01/2019 Books 5 17/06/2023
    Dewey Decimal Classification       AYURVEDA SGT FA-FP Library SGT FA-FP Library Text Book 14/02/2019 AHUJA PUB 825.00 SGTU 10602 612.64 C18S FA9884 04/07/2023 31/01/2019 Books 4 17/06/2023
    Dewey Decimal Classification       AYURVEDA SGT FA-FP Library SGT FA-FP Library Text Book 14/02/2019 AHUJA PUB 825.00 SGTU 10602 612.64 C18S FA9885 22/04/2024 31/01/2019 Books 2 18/03/2024